000 01234nam0a22002771 4500
001 rc\2573328
005 20230414131048.0
035 _a(NLR Aleph) 006738029
090 _a5614353
_c5614353
100 _a20110914d1928 |||y0rusy50 ca
101 0 _arus
102 _aRU
105 _ay z |||||
200 1 _aДифференциация крестьянских хозяйств по основным зонам Западной Сибири
_e(Попытка организационного изучения вопроса)
210 _aОмск
_c[тип.] Омгосполиграф
_d1928
215 _a22 с.
_d26х17 см.
225 1 _aСообщения Экономического отдела Западно-Сибирской областной сельскохозяйственной опытной станции
_v№ 1
300 _aРезюме на англ. яз.
300 _aОтдельн. оттиск из Трудов Сиб. инст. с.-х. и лесоводства. Т. IX
700 1 _aСкорняков
_bИ. Н.
_f1889-
_gИван Николаевич
801 0 _aRU
_bNLR
_gpsbo
801 1 _aRU
_bELAR
_2rusmarc
852 _aNLR
_j59/1815-1
942 _cBOOK
980 _aNB